LEADER 01095nam a22002531i 4500 001 991002468339707536 005 20040321194621.0 008 040407s1953 fr |||||||||||||||||fre 035 $ab12927429-39ule_inst 035 $aARCHE-090703$9ExL 040 $aDip.to Scienze Storiche$bita$cA.t.i. Arché s.c.r.l. Pandora Sicilia s.r.l. 082 04$a551.4820 110 2 $aUNESCO$013162 245 10$aActes du colloque d'Ankara sur l'hydrologie de la zone aride /$corganisé conjointement par le gouvernement turc et l'Organisation des Nations Unies pour l'éducation, la science et la culture 260 $a[Paris] :$bUNESCO,$cstampa 1953 300 $a279 p. ;$c27 cm 440 0$aProgramme de la zone aride 650 4$aIdrologia$xCongressi 907 $a.b12927429$b02-04-14$c16-04-04 912 $a991002468339707536 945 $aLE009 GEOG.06-25$g1$i2009000168992$lle009$o-$pE0.00$q-$rn$so $t0$u0$v0$w0$x0$y.i1350115x$z16-04-04 996 $aActes du colloque d'Ankara sur l'hydrologie de la zone aride$9304243 997 $aUNISALENTO 998 $ale009$b16-04-04$cm$da $e-$ffre$gfr $h0$i1 LEADER 01528nam 2200349 450 001 996575393403316 005 20231209100028.0 010 $a0-7381-1214-3 024 7 $a10.1109/IEEESTD.1994.339591 035 $a(CKB)4100000009750533 035 $a(NjHacI)994100000009750533 035 $a(EXLCZ)994100000009750533 100 $a20231209d1994 uy 0 101 0 $aeng 135 $aur||||||||||| 181 $ctxt$2rdacontent 182 $cc$2rdamedia 183 $acr$2rdacarrier 200 10$a13213-1994 $eISO/IEC/IEEE international standard for information technology--microprocessor systems--Control and Status Registers (CSR) architecture for microcomputer buses /$fInstitute of Electrical and Electronics Engineers 210 1$aNew York, New York :$cIEEE,$d1994. 215 $a1 online resource 330 $aThe document structure and notation are described, and the objectives and scope of the CSR Architecture are outlined. Transition set requirements, node addressing, node architectures, unit architectures, and CSR definitions are set forth. The ROM specification and bus standard requirements are covered. 517 $a13213-1994 - ISO/IEC/IEEE International Standard for Information technology--Microprocessor systems--Control and Status Registers 606 $aMicrocomputers$xBuses 615 0$aMicrocomputers$xBuses. 676 $a004.64 801 0$bNjHacI 801 1$bNjHacl 906 $aDOCUMENT 912 $a996575393403316 996 $a13213-1994$93654774 997 $aUNISA